01236nam a22002057a 450000500170000000800410001702000180005804000070007604100120008308200200009510000140011524500360012926000650016530000290023036500610025952006550032065000160097565000230099170000160101420220303113849.0220303b ||||| |||| 00| 0 eng d a9780074602164 cAL aEnglish 223a629.2bKOHA aP L Kohli aAutomotive Electrical Equipment aChennaibMcGraw Hill Education (India) Private Limitedc2018 avi,247 p.bPBc24x18 cm. aMLSH21CRB337b₹496.00c₹d₹620.00e20%f20-02-2022 a"Discusses in detail the principles and operation of different electrical equipment fitted in automobiles. Written in simple language, the introductory chapter discusses the fundamentals of electricity and magnetism to give the student sufficient theoretical background. With separate chapters on the battery, regulator, cranking motor ignition system, sparking plug and the magneto, it covers in detail all the vital components in batteries, installation of television sets and functioning of indication and warning devices. The chapter on testing equipment and troubleshooting charts at the end of each chapter make the book more practice-oriented. aAutomobiles aElectric Equipment aKOHLI (P L)